00433 a2200121 4500001001000000005001700010008004100027245010000068100002600168700002600194773007400220999001700294ART_1071920260410161831.0260409a 10aEl pago con reservas al FMI. "La eterna historia del maltrato de la política a la economía"1 aMilei, Javier Gerardo1 aGarcía, Hernán M.0 tActualidad Económicag- Año XVI, Nº 59 (may./ago. 2006)wREV5083 c23219d23219